000 00403cas a2200145 a 4500
022 _a0916-7250
040 _cOSU
082 _a604 THE 1991 A049 Or.
245 0 4 _aThe Journal of veterinary medical science /
260 _aTokyo, Japan :
_bThe Society :
_bMaruzen Co. [distributor,
_c1991-
300 _av. :
_bill. ;
_c21 cm
500 _aTitle from cover
710 2 _aNihon J¿±i Gakkai
942 _cEK
999 _c14274
_d14274